00387 2200157 4500001002100000005001500021035002000036245005200056100001900108300001200127260003400139082000800173084001400181020002200195990001200217INLIS00000000000164020250429075813 a0010-04250000561 aMenjadi Manusia Menjadi Hamba /cFahruddin Faiz0 aFahruddin Faiz a309 hlm aJakarta :bNoura Books,c2022 a200 a200 FAH m a978-623-242-154-7 a0754697